Automatizácia prekresľovania 3D modelov mayských stél a identifikácia glyfových značiek

Na minha lista:
Detalhes bibliográficos
Autor principal: Nemšovský, Patrik (Author)
Outros Autores: Bundzel, Marek (Thesis advisor)
Formato: Manuscrito Livro
Idioma:eslovaco
Publicado em: 2024
Assuntos:
Acesso em linha:http://is.stuba.sk/zp/portal_zp.pl?podrobnosti=177224
Tags: Adicionar Tag
Sem tags, seja o primeiro a adicionar uma tag!

MARC

LEADER 00000ntm a22000003a 4500
001 stuzp100231
003 SK-STU
005 20240608213751.8
007 ta
008 150427s2015----xo-----f-mn---000-0-slo-d
040 |a STU  |b slo 
041 0 |a slo 
100 1 |a Nemšovský, Patrik  |u 070400  |4 aut  |U FIIT Fakulta informatiky a informačných technológií  |T FIIT Ústav počítačového inžinierstva a aplikovanej informatiky  |X 103068  |U I400  |Y 672  |7 103068 
242 0 1 |a Automatic redrawing of 3D models of mayan stelae and identification of glyphs  |y eng 
245 1 0 |a Automatizácia prekresľovania 3D modelov mayských stél a identifikácia glyfových značiek 
260 |c 2024 
650 4 |a Mayské glyfy  |2 slo 
650 4 |a Neurónová sieť  |2 slo 
650 4 |a Prekres 3D do 2D  |2 slo 
650 4 |a Segmentácia stély  |2 slo 
650 4 |a Aplikovanie umeleckého štýlu  |2 slo 
650 4 |a Neural Networks  |2 eng 
650 4 |a 3D to 2D conversion  |2 eng 
650 4 |a Stela segmentation  |2 eng 
650 4 |a Applying artistic style  |2 eng 
650 4 |a Mayan Glyph  |2 eng 
700 1 |a Bundzel, Marek  |4 ths  |X 101057  |7 101057 
856 4 |u http://is.stuba.sk/zp/portal_zp.pl?podrobnosti=177224